V Moldave dnes v Bodve utopili Morenu Primátor vinšovníkov pohostil šiškami, dostal slivovicu

Bibliographic Details
Main Author: sam (Author)
Format: Article
Language:Slovak
PhysicalDescription:1 foto
Subjects:

MARC

LEADER 00000nab a2200000 a 4500
001 vtls000932235
003 SK-MaSNL
005 20260303035027.0
008 040720e20040319xo 0 slo
035 |a KE41112 
040 |a KEVKJB  |b slo  |c KEVKJB  |e AACR2 
041 0 |a slo 
044 |a xo  |c SK 
080 |a 398.332.1  |2 1981 
100 0 |a sam  |4 aut  |9 872790 
245 1 0 |a V Moldave dnes v Bodve utopili Morenu  |b Primátor vinšovníkov pohostil šiškami, dostal slivovicu 
300 |b 1 foto 
650 0 7 |a zvyky ľudové  |2 KEVKJB  |9 553737 
650 0 7 |a Morena  |2 KEVKJB  |9 880518 
650 0 7 |a vynášanie Moreny   |2 KEVKJB  |9 30764 
651 7 |a Moldava nad Bodvou (Slovensko)  |2 KEVKJB  |9 20255 
651 7 |a Košice-okolie (Slovensko : okres)  |2 KEVKJB  |9 146743 
651 7 |a KS,  |2 KEVKJB  |9 880381 
655 7 |a periodikum  |2 snkbucl  |9 29553 
773 0 8 |t Košický večer  |g Roč. 15  |g Roč. 36, č.55, 19.3.2004, s. 2 
852 |a ZVYKNI  |b KIS3GCP 
999 |c 1675821  |d 1677751